| 000 | 00569nam a2200205Ia 4500 | ||
|---|---|---|---|
| 003 | IEPS | ||
| 005 | 20250703135322.0 | ||
| 008 | 250223s9999||||xx |||||||||||||| ||und|| | ||
| 020 | _a995707671 | ||
| 040 | _CIEPS | ||
| 041 | _aara | ||
| 082 | _a158.1 | ||
| 100 | _aالروسان فاروق | ||
| 245 | 0 | _aتعديل و بناء السلوك الإنساني | |
| 260 |
_aعمان _bدار الفكر ناشرون و موزعون _c2010 |
||
| 300 |
_a240 ص. _c24 سم. |
||
| 653 | _aالسلوك | ||
| 653 | _aالسلوك الاجتماعي | ||
| 942 | _cكتاب | ||
| 999 |
_c13467 _d13467 |
||